Không chốn nương thân

Wedi'i Gadw mewn:
Manylion Llyfryddiaeth
Prif Awdur: Avigiux, I
Fformat: Llyfr
Cyhoeddwyd: H. Nxb. Văn học 2000
Tagiau: Ychwanegu Tag
Dim Tagiau, Byddwch y cyntaf i dagio'r cofnod hwn!
Thư viện lưu trữ: Mạng thư viện Đại học Đà Nẵng
LEADER 00708nam a2200229 4500
001 000014720
003 11090
005 20150812150828.0
008 120514s2000 sd
100 0 |a Avigiux, I 
245 0 0 |a Không chốn nương thân  |c Avigiux, I 
260 |a H.  |b Nxb. Văn học  |c 2000 
774 |a Avigiux, I  |d Văn học  |d H.  |d 2000  |g T.1  |h 495tr  |n Dịch theo nguyên bản  |w 11087 
774 |a Avigiux, I  |d Văn học  |d H.  |d 2000  |g T.2  |h 478tr  |n Dịch theo nguyên bản  |w 11094 
OWN |a LSP 
999 |a From the UDN01 
TYP |a Monograph 
TYP |a Printed language 
980 |a Mạng thư viện Đại học Đà Nẵng